000 00269nam a2200109Ia 4500
001 588574
005 20250717120834.0
008 250717s9999 xx 000 0 und d
245 0 _aV-3 TATİL KAMPINDA
_cSİMONE VEENSTRA
260 _bERDEM YAYINLARI
_c2019
300 _b64
999 _c588574
_d588574